00565nam a2200193 4500010001300000020001500013035001300028037001800041040001200059082001600071245008500087260002500172270002700197300002000224650004000244650002900284650003700313700002100350 aB-221125 a1405415398 aB-221125 bCen Lib / Ret aDPLbEN a613.03bENC aEncyclopedia of family health & first aid /cedited by Susan Lipscombe. [at. al] aBathbParragonc2003 a4 Queen Street bBath  a510p b27cm(Hb) aMedicine, Popular -- Encyclopedias. aHealth -- Encyclopedias. aFirst aid in illness and injury. aLipscombe, Susan